| 000 | 00438nam a22001937a 4500 | ||
|---|---|---|---|
| 003 | OSt | ||
| 005 | 20220204132954.0 | ||
| 008 | 220204b |||||||| |||| 00| 0 eng d | ||
| 020 | _a978 | ||
| 022 | _28131705339 | ||
| 040 | _cHU | ||
| 082 | _a621.815 | ||
| 100 |
_aNobert L. Robert _929737 |
||
| 245 | _aMachine Design An Integrated A pproach | ||
| 250 | _a2ed | ||
| 260 |
_aIndia _bIndia |
||
| 300 | _f1078 | ||
| 942 |
_2ddc _cBOOKS _n0 |
||
| 999 |
_c29281 _d29281 |
||